LEADER 01113nam a2200253 u 4500 001 000000019708 003 CaOOAMICUS 005 20070226110822.0 008 950215s1974 it h u000 u ita u 035 $a10475190 040 $aBAV-R2$bita$dPUL(R) 100 1 $aMolinari, Giuseppe.$0(OLS)http://pul/name/17287 245 10$aLuigi Pirandello e la speranza cristiana /$cGiuseppe Molinari. 260 $aRoma :$bPontificia Università Lateranense,$c1974. 300 $a61 p. :$bill. (facs.) ;$c23 cm 500 $aEstratto della tesi di laurea dell'autore. 502 $aDiss. -- Pont. Univ. Lateranensis. 600 14$aPirandello, Luigi,$d1867-1936.$0(OLS)http://pul/subject/5073 650 4$aSperanza.$0(OLS)http://pul/subject/669 850 $aPUL 852 $aPUL$W1$xDP1 Tesi Pon Univ. Lateranense$y41$mTH PUL.THEOL 227$j27642$nBK-PRI$b $qTesi$B27642$CPULBib$Z2$F27642 $HPUL40306 $81 941 1 $a16 996 $6245$aLuigi Pirandello e la speranza cristiana$9(OLS)http://pul/title/27888 996 $6260$aRoma :$bPontificia Università Lateranense$9(OLS)http://pul/publisher/47963 LEADER 01199nam a2200289 i 4500 001 000000107780 003 CaOOAMICUS 005 20071022125716.0 008 071022s2007 it b u000 u ita c 020 $a88-8333-122-2 020 $z978-88-8333-122-0* 040 $aUSC$bita$dALB$dPUL$dLDB 100 1 $aPérez de Laborda, Miguel.$0(OLS)http://pul/name/66124 245 10$aIntroduzione alla filosofia analitica /$cMiguel Pérez de Laborda. 260 $aRoma :$bEDUSC,$cc2007. 300 $a254 p. ;$c23 cm. 490 1 $aProspettive filosofiche ;$v006 504 $aBibliografia: p. 245-254. 650 14$aFilosofia analitica.$0(OLS)http://pul/subject/33614 830 0$aProspettive filosofiche ;$v006.$0(OLS)http://pul/title/132122 850 $aPUL 852 $aPUL$W1$xSL Filosofia 3$y81$m146. 4 PERMI 1$j122574$qDDC 21$B121556$CPULBib$Z2$F121556 $H105159 $82 941 1 $a9 996 $6020$a88-8333-122-2$9(OLS)http://pul/number/136012 996 $6020$z978-88-8333-122-0*$9(OLS)http://pul/number/136013 996 $6245$aIntroduzione alla filosofia analitica$9(OLS)http://pul/title/135710 996 $6260$aRoma :$bEDUSC$9(OLS)http://pul/publisher/79480